00218nam a2200097Ia 4500008004100000100001500041245002800056260001200084942000700096999001700103190216s9999||||xx |||||||||||||| ||und|| aChopra R P 0aChoice Of Short Stories bDr.Bayi cBK c15177d15177